La investigación del delito en el derecho penal español, especial referencia a la teoría del caso (Registro nro. 171552)
[ vista simple ]
| 000 -LEADER | |
|---|---|
| fixed length control field | 04096nam a22002897a 4500 |
| 007 - PHYSICAL DESCRIPTION FIXED FIELD--GENERAL INFORMATION | |
| fixed length control field | cr|||| |||| |
| 008 - FIXED-LENGTH DATA ELEMENTS--GENERAL INFORMATION | |
| fixed length control field | 220510s2021 es |||||s|||| 00||0 spa d |
| 020 ## - INTERNATIONAL STANDARD BOOK NUMBER | |
| International Standard Book Number | 978-84-123503-3-3 |
| 035 ## - | |
| -- | 35636 |
| 040 ## - CATALOGING SOURCE | |
| Original cataloging agency | vLex |
| 090 ## - | |
| -- | 13316 |
| -- | 13316 |
| 100 1# - MAIN ENTRY--PERSONAL NAME | |
| Personal name | Piva Torres, Gianni Egidio |
| 245 12 - TITLE STATEMENT | |
| Title | La investigación del delito en el derecho penal español, especial referencia a la teoría del caso |
| Medium | [Recurso electrónico] / |
| Statement of responsibility, etc | Gianni Egidio Piva Torres, Wilmer de Jesús Ruiz Carrero, Williams de Jesus Lattuf Rodriguez |
| 256 ## - | |
| -- | Servicio en línea |
| 260 ## - PUBLICATION, DISTRIBUTION, ETC. (IMPRINT) | |
| Place of publication, distribution, etc | Barcelona: |
| Name of publisher, distributor, etc | J.M. Bosch Editor, |
| Date of publication, distribution, etc | 2021 |
| 300 ## - PHYSICAL DESCRIPTION | |
| Extent | 1 recurso electrónico |
| 500 ## - GENERAL NOTE | |
| General note | En España, la investigación del delito, se rige por un sistema procesal acusatorio, en donde la Fiscalía ordena y dirige la investigación penal de la perpetración de los hechos punibles para hacer constar su comisión con todas las circunstancias que puedan influir en la calificación y responsabilidad de los autores y demás partícipes, así como el aseguramiento de los objetos activos y pasivos relacionados con la perpetración, y corresponde al Sistema especializado integral de investigación, de medicina legal y ciencias forenses, la práctica de las diligencias de investigación, técnicas científicas conducentes a la determinación de los hechos punibles y a la identificación de los autores y partícipes. En este sentido, la estructura y el contenido del presente libro, han sido diseñados con base a las necesidades y exigencia del sistema acusatorio, desarrollado fundamentalmente en la Constitución Española y la LEC; así, el Reglamento del Sistema especializado integral de investigación, de medicina legal y ciencias forenses, y el Manual de Cadena de Custodia, para el tratamiento de indicios materiales o evidencias físicas. Al respecto, el presente libro, trata sobre la investigación penal, la metodología para la búsqueda de la verdad, las entidades de investigación penal, el sistema acusatorio, fases de la investigación, la inspección en el lugar de los hechos, el tratamiento y la colección de evidencias físicas, la aplicación de la cadena de custodia, la pericia, las versiones, el allanamiento, las inspecciones y registros, la investigación criminalística, el retrato hablado, el reconocimiento del procesado, la interceptación de grabación de comunicaciones privadas, la detención del investigado o procesado, la flagrancia, el acta de investigación penal. También, la declaración del procesado, la comprobación del hecho en casos especiales, la inspección del cadáver, el levantamiento del cadáver, la autopsia, la exhumación, la reconstrucción de los hechos, los videos y fotografías, las investigaciones informáticas, delitos informáticos, la informática forense, la evidencia digital, la pericia informática, las técnicas especiales de investigación, operaciones encubiertas, entregas vigiladas o controladas, la cooperación eficaz, el informante, delincuencia organizada transnacional, y el testigo protegido entre otros temas de interés. Por último, se trata en el libro, de todo lo relativo a la teoría del caso, sus elementos, sus características y la aplicación de la teoría del caso durante las diferentes etapas que comprenden el proceso penal, el alegato de apertura; asimismo, se trata lo relacionado a la oratoria forense, una gran herramienta para que el abogado litigante se apoye en ella, en busca de su logro. |
| 506 1# - RESTRICTIONS ON ACCESS NOTE | |
| Terms governing access | Disponible solo en los productos indicados |
| Authorized users | vLex Global |
| -- | vLex Global (Academic Edition, excluding Law Schools) |
| -- | vLex Global (U.S. Academic Edition, Law Schools) |
| -- | vLex Global (U.S. Academic Edition, excluding Law Schools) |
| -- | vLex Global (Academic Edition, Law Schools) |
| 650 04 - SUBJECT ADDED ENTRY--TOPICAL TERM | |
| Topical term or geographic name as entry element | Derecho Penal |
| Geographic subdivision | España |
| 650 04 - SUBJECT ADDED ENTRY--TOPICAL TERM | |
| Topical term or geographic name as entry element | Procedimiento Penal |
| Geographic subdivision | España |
| 700 1# - ADDED ENTRY--PERSONAL NAME | |
| Personal name | Ruiz Carrero, Wilmer de Jesús |
| 700 1# - ADDED ENTRY--PERSONAL NAME | |
| Personal name | Lattuf Rodriguez, Williams de Jesus |
| 740 0# - | |
| -- | vLex Libros (Servicio en línea) |
| 856 40 - LOCALIZACIÓN Y ACCESO ELECTRÓNICO | |
| Identificador Uniforme del Recurso (URI/URL) | https://app.vlex.com/#/sources/35636 |
| 942 ## - | |
| -- | RAA |
| 999 ## - | |
| -- | 171552 |
| -- | 171552 |
No hay ítems disponibles.